Bright wind of the spirit: (Record no. 14152)

000 -LEADER
fixed length control field 00604nam a2200181 a 4500
001 - CONTROL NUMBER
control field :::00011976$&:&@@
003 - CONTROL NUMBER IDENTIFIER
control field OkBaRHE
005 - DATE AND TIME OF LATEST TRANSACTION
control field 20000607103414.0
008 - FIXED-LENGTH DATA ELEMENTS--GENERAL INFORMATION
fixed length control field s1972 j 000 0 eng u
040 ## - CATALOGING SOURCE
Transcribing agency
100 1# - MAIN ENTRY--PERSONAL NAME
Personal name Durasoff, Steve.
245 10 - TITLE STATEMENT
Title Bright wind of the spirit:
Remainder of title Pentecostalism today.
260 ## - PUBLICATION, DISTRIBUTION, ETC. (IMPRINT)
Place of publication, distribution, etc Plainfield, NJ., :
Name of publisher, distributor, etc Logos International
Date of publication, distribution, etc 1972
300 ## - PHYSICAL DESCRIPTION
Extent 277 p. ;
Dimensions 22 cm.
650 ## - SUBJECT ADDED ENTRY--TOPICAL TERM
Topical term or geographic name as entry element Pentecostalism
942 ## - ADDED ENTRY ELEMENTS (KOHA)
Source of classification or shelving scheme
Koha item type Books
Copies
Withdrawn status Price effective from Total Checkouts Lost status Date checked out Damaged status Not for loan Permanent Location Date last seen Barcode Full call number Copy number Koha item type Shelving location Current Location Source of classification or shelving scheme Date acquired
 2010-04-141 2011-02-11  RHEMA Bible Training College2012-02-0711976BX 8763 .D871BooksGeneral StacksRHEMA Bible Training College 2010-04-14